[Event "Wch Seniors 65 29th"]
[Site "Bucharest"]
[Date "2019.11.18"]
[Round "6"]
[White "Bancu, Constantin"]
[Black "Lee, Wing Kin"]
[Result "1-0"]
[WhiteElo "1576"]
[BlackElo "1193"]
[PlyCount "93"]
[EventDate "2019.11.12"]
[EventType "swiss"]
[EventRounds "11"]
[EventCountry "ROU"]
[SourceTitle "CBM 193 Extra"]
[Source "ChessBase"]
[SourceDate "2020.01.31"]
[SourceVersion "1"]
[SourceVersionDate "2020.01.31"]
[SourceQuality "1"]

1. e4 d5 2. exd5 Qxd5 3. Nc3 Qd6 4. Nf3 Bg4 5. Be2 c6 6. h3 Bh5 7. d3 Nf6 8. Ng5 Bg6 9. Bf3 Qd8 10. 0-0 Nbd7 11. Re1 h6 12. Nge4 e6 13. Bf4 Nxe4 14. Bxe4 Bxe4 15. Nxe4 Nf6 16. Be5 Nxe4 17. Rxe4 f6 18. Qh5+ Ke7 19. Rd4 Qe8 20. Bd6+ Kd7 21. Bxf8+ Kc7 22. Qxe8 Rxe8 23. Bxg7 Rhg8 24. Bxf6 Rg6 25. Be5+ Kc8 26. Re1 Reg8 27. g3 b6 28. Rde4 Re8 29. f3 Rf8 30. Kf2 Re8 31. f4 c5 32. Bc3 Kd7 33. Re5 Rf8 34. d4 cxd4 35. Bxd4 Rc8 36. c3 Rcg8 37. g4 Rf8 38. Ke3 Rgf6 39. f5 exf5 40. Rxf5 Rxf5 41. gxf5 Rxf5 42. Ke4 Ra5 43. a3 Rb5 44. b4 a5 45. Rg1 axb4 46. axb4 Kc8 47. Rg6 1-0

[Event "Hong Kong-ch prel"]
[Site "Hong Kong"]
[Date "2019.02.11"]
[Round "5"]
[White "Lee, Wing Kin"]
[Black "Lam, Cheuk Him Darrel"]
[Result "1-0"]
[WhiteElo "1162"]
[BlackElo "1037"]
[PlyCount "165"]
[EventDate "2019.01.07"]
[EventType "swiss"]
[EventRounds "9"]
[EventCountry "HKG"]
[SourceTitle "EXT 2020"]
[Source "ChessBase"]
[SourceDate "2019.10.17"]
[SourceVersion "1"]
[SourceVersionDate "2019.10.17"]
[SourceQuality "1"]

1. c4 e5 2. Nc3 Nf6 3. d4 exd4 4. Qxd4 Nc6 5. Qd1 Bc5 6. e3 0-0 7. Nf3 Re8 8. Bd3 Bf8 9. 0-0 d6 10. h3 Be6 11. b3 g6 12. Bb2 Bg7 13. Rb1 d5 14. cxd5 Nxd5 15. Nxd5 Bxb2 16. Nxc7 Qxc7 17. Rxb2 Rad8 18. Qe2 Bc8 19. Bb5 a6 20. Bxc6 Qxc6 21. Rc2 Qd6 22. Rcc1 Qe6 23. Rc7 Qd6 24. Rfc1 Kf8 25. Qc4 Qe6 26. Qxe6 Bxe6 27. Rxb7 Bd5 28. Rb6 Ra8 29. Ng5 Kg7 30. Rc5 Be6 31. Nxe6+ Rxe6 32. Rxe6 fxe6 33. Rc6 Kf6 34. g4 h6 35. f4 Ra7 36. Kg2 a5 37. Rc5 a4 38. Rb5 axb3 39. axb3 Ra2+ 40. Kf3 Rh2 41. Kg3 Re2 42. Kf3 Rh2 43. g5+ hxg5 44. fxg5+ Kf7 45. Kg4 Re2 46. Rb7+ Kf8 47. Kf3 Rh2 48. Rb8+ Kf7 49. Rb7+ Kg8 50. Re7 Rxh3+ 51. Ke4 Rh4+ 52. Kd3 Rg4 53. Rxe6 Rxg5 54. b4 Rd5+ 55. Kc4 Rg5 56. b5 Rg4+ 57. Kc5 Rg5+ 58. Kc6 Rg4 59. Re5 Rc4+ 60. Kd6 Rc3 61. Ke6 Rc8 62. Kf6 Kh7 63. Rg5 Rd8 64. Ke7 Rd3 65. e4 Ra3 66. Rc5 Re3 67. e5 Rb3 68. e6 Ra3 69. b6 Ra8 70. Kf6 Rf8+ 71. Kg5 Re8 72. Rc7+ Kg8 73. e7 Kf7 74. b7 Kg7 75. Rd7 Kf7 76. Rc7 Kg7 77. Rc8 Rxe7 78. b8Q Kf7 79. Rc7 Rxc7 80. Qxc7+ Kf8 81. Kxg6 Ke8 82. Kf6 Kf8 83. Qf7# 1-0

[Event "Wch Seniors 65 28th"]
[Site "Bled"]
[Date "2018.11.28"]
[Round "10"]
[White "Ostrowski, Michal"]
[Black "Lee, Wing Kin"]
[Result "1/2-1/2"]
[WhiteElo "1187"]
[BlackElo "1156"]
[PlyCount "113"]
[EventDate "2018.11.18"]
[EventType "swiss"]
[EventRounds "11"]
[EventCountry "SLO"]
[SourceTitle "CBM 187 Extra"]
[Source "ChessBase"]
[SourceDate "2018.11.04"]
[SourceVersion "1"]
[SourceVersionDate "2018.11.04"]
[SourceQuality "1"]

1. Nc3 d5 2. d4 Nf6 3. Nf3 Bf5 4. Nh4 Bg6 5. e3 Nc6 6. Nxg6 hxg6 7. Bb5 Qd6 8. h3 a6 9. Be2 e6 10. Bf3 Qd7 11. a3 g5 12. Qd3 g4 13. Be2 gxh3 14. g3 0-0-0 15. Bd2 Na5 16. 0-0-0 Nc4 17. Nb1 Ne4 18. Be1 h2 19. f3 Nf6 20. b4 Re8 21. Qb3 Nb6 22. g4 Bd6 23. Nd2 Nh7 24. f4 Nf6 25. g5 Ne4 26. Nf3 f6 27. gxf6 gxf6 28. Rxh2 Rxh2 29. Nxh2 Rg8 30. Nf1 f5 31. Bd3 Na4 32. b5 Nac5 33. dxc5 Nxc5 34. Qb1 Nxd3+ 35. Rxd3 axb5 36. Bb4 Rg1 37. Rd1 c5 38. Ba5 b4 39. axb4 Qb5 40. Nd2 Rxd1+ 41. Kxd1 cxb4 42. Bxb4 Qxb4 43. Qxb4 Bxb4 44. Nb3 Kc7 45. Ke2 b5 46. Nd4 Kd7 47. Nxb5 Bc5 48. Kd3 Kc6 49. Nd4+ Kd7 50. Nf3 Bb6 51. Ne5+ Ke7 52. c4 dxc4+ 53. Nxc4 Bc5 54. Ne5 Bb6 55. Nc4 Bc5 56. e4 fxe4+ 57. Kxe4 1/2-1/2

[Event "Hong Kong-ch prel"]
[Site "Hong Kong"]
[Date "2018.01.29"]
[Round "4"]
[White "Lai, Sai Wing"]
[Black "Lee, Wing Kin"]
[Result "1-0"]
[WhiteElo "1842"]
[BlackElo "1178"]
[PlyCount "37"]
[EventDate "2018.01.08"]
[EventType "swiss"]
[EventRounds "11"]
[EventCountry "HKG"]
[SourceTitle "EXT 2019"]
[Source "ChessBase"]
[SourceDate "2018.10.10"]
[SourceVersion "1"]
[SourceVersionDate "2018.10.10"]
[SourceQuality "1"]

1. e4 d5 2. exd5 Qxd5 3. Nc3 Qe6+ 4. Be2 Qg6 5. Nf3 Qxg2 6. Rg1 Qh3 7. d4 c6 8. Bf4 Qd7 9. Qd2 h5 10. Ne5 Qd8 11. 0-0-0 Nh6 12. d5 Ng4 13. Nxf7 Kxf7 14. Bxb8 Nf6 15. Bc4 cxd5 16. Nxd5 e6 17. Qg5 Qa5 18. Qg6+ Kg8 19. Nxf6# 1-0

[Event "Hong Kong-ch op"]
[Site "Hong Kong"]
[Date "2017.10.23"]
[Round "3"]
[White "Deng, Jing Xin Crystal"]
[Black "Lee, Wing Kin"]
[Result "1-0"]
[WhiteElo "1719"]
[BlackElo "1175"]
[PlyCount "55"]
[EventDate "2017.10.09"]
[EventType "swiss"]
[EventRounds "7"]
[EventCountry "HKG"]
[SourceTitle "EXT 2019"]
[Source "ChessBase"]
[SourceDate "2018.10.10"]
[SourceVersion "1"]
[SourceVersionDate "2018.10.10"]
[SourceQuality "1"]

1. d4 c5 2. d5 Nf6 3. c4 b5 4. cxb5 Qa5+ 5. Nc3 e6 6. dxe6 dxe6 7. Nf3 Be7 8. g3 0-0 9. Bg2 Ne4 10. Qc2 Bb7 11. 0-0 Nxc3 12. bxc3 Qxb5 13. Rb1 Qd7 14. Rxb7 Qxb7 15. Ng5 Qxg2+ 16. Kxg2 Bxg5 17. Bxg5 Nd7 18. Rd1 Nb6 19. c4 f6 20. Be3 Kf7 21. a4 Rfc8 22. a5 Rc7 23. axb6 axb6 24. Qb2 Rc6 25. Qb5 Rac8 26. Rd7+ Kf8 27. Rd8+ Rxd8 28. Qxc6 1-0

[Event "Hong Kong Jolimark op"]
[Site "Hong Kong"]
[Date "2016.12.30"]
[Round "9"]
[White "Chong, Kai Ling Sylvia"]
[Black "Lee, Wing Kin"]
[Result "1/2-1/2"]
[WhiteElo "1351"]
[BlackElo "1221"]
[PlyCount "134"]
[EventDate "2016.12.26"]
[EventType "swiss"]
[EventRounds "9"]
[EventCountry "HKG"]
[SourceTitle "CBM 176 Extra"]
[Source "ChessBase"]
[SourceDate "2017.03.02"]
[SourceVersion "1"]
[SourceVersionDate "2017.03.02"]
[SourceQuality "1"]

1. e4 d5 2. exd5 Nf6 3. Nc3 Nxd5 4. Nxd5 Qxd5 5. Nf3 e5 6. b3 h6 7. Bc4 Qe4+ 8. Qe2 Qxe2+ 9. Kxe2 Bd6 10. Bb2 Bg4 11. h3 Bxf3+ 12. gxf3 0-0 13. Rae1 Nc6 14. Kd1 Rad8 15. f4 Rfe8 16. Rhg1 Nd4 17. fxe5 Bxe5 18. f4 Bf6 19. Rxe8+ Rxe8 20. Bxd4 Bxd4 21. Re1 Kf8 22. Rxe8+ Kxe8 23. Ke2 Bc5 24. Kd3 f6 25. Ke4 Ke7 26. f5 a5 27. Kd5 Bd6 28. Ke4 b6 29. Kd5 Be5 30. d4 Bd6 31. Kc6 Kd8 32. Be2 Ke7 33. h4 Kd8 34. h5 Ke7 35. c4 Kd8 36. c5 bxc5 37. dxc5 Be5 38. Bc4 Bc3 39. Kb5 Bb4 40. Kc6 Bc3 41. Kd5 Bb4 42. Ke6 Ke8 43. Bb5+ Kf8 44. c6 Bc5 45. Kd7 Bb6 46. Bc4 a4 47. b4 g6 48. hxg6 Kg7 49. Bd5 h5 50. a3 h4 51. Be4 Kf8 52. Bg2 Kg7 53. Ke6 Bd4 54. Kd7 Bb6 55. Ke6 Bd4 56. Kd7 Bb6 57. Be4 h3 58. Bd5 h2 59. Be4 Kf8 60. Ke6 Bd4 61. Kd7 Bb6 62. Kd8 Kg7 63. Kd7 Kf8 64. Ke6 Bd4 65. Kd7 Bb6 66. Bd5 Kg7 67. b5 Kf8 1/2-1/2

[Event "Hong Kong Jolimark op"]
[Site "Hong Kong"]
[Date "2016.12.29"]
[Round "7"]
[White "Lee, Wing Kin"]
[Black "Lau, Joe Yiu Cho"]
[Result "0-1"]
[WhiteElo "1221"]
[BlackElo "1627"]
[PlyCount "94"]
[EventDate "2016.12.26"]
[EventType "swiss"]
[EventRounds "9"]
[EventCountry "HKG"]
[SourceTitle "CBM 176 Extra"]
[Source "ChessBase"]
[SourceDate "2017.03.02"]
[SourceVersion "1"]
[SourceVersionDate "2017.03.02"]
[SourceQuality "1"]

1. b4 e6 2. Bb2 Nf6 3. a3 b6 4. e3 Bb7 5. d4 d5 6. Nf3 Nbd7 7. c4 c5 8. b5 Be7 9. Be2 0-0 10. Nbd2 a6 11. a4 Qc7 12. Qc2 axb5 13. cxb5 c4 14. Bc3 h6 15. h3 Nh7 16. e4 dxe4 17. Nxe4 Bd5 18. Ned2 Rfc8 19. Qb2 Ng5 20. h4 Nxf3+ 21. Bxf3 Qf4 22. Bxd5 exd5 23. g3 Qf5 24. 0-0 Nf6 25. Qb1 Qh3 26. Qd1 Bd6 27. Qf3 Re8 28. Qg2 Qd7 29. Nf3 Ne4 30. Rfc1 Rac8 31. a5 Qxb5 32. a6 Ra8 33. Rcb1 Qc6 34. Rc1 b5 35. Nd2 Nf6 36. Kh1 Rxa6 37. g4 b4 38. Rxa6 Qxa6 39. Ba1 Qa2 40. g5 Qxd2 41. Rg1 hxg5 42. hxg5 Ne4 43. Rf1 Qxg5 44. Qxg5 Nxg5 45. f4 Ne4 46. Kg2 Nf6 47. Kf3 Re4 0-1

[Event "Hong Kong Jolimark op"]
[Site "Hong Kong"]
[Date "2016.12.26"]
[Round "2"]
[White "Eng, Jia Qian"]
[Black "Lee, Wing Kin"]
[Result "1/2-1/2"]
[WhiteElo "1583"]
[BlackElo "1221"]
[PlyCount "57"]
[EventDate "2016.12.26"]
[EventType "swiss"]
[EventRounds "9"]
[EventCountry "HKG"]
[SourceTitle "CBM 176 Extra"]
[Source "ChessBase"]
[SourceDate "2017.03.02"]
[SourceVersion "1"]
[SourceVersionDate "2017.03.02"]
[SourceQuality "1"]

1. d4 c5 2. d5 e6 3. c4 d6 4. Nc3 Nf6 5. e4 e5 6. g3 Qa5 7. Bg2 Be7 8. Nge2 Nbd7 9. 0-0 Nb6 10. Qd3 Bd7 11. Bd2 Qa6 12. Nb5 Rc8 13. f4 Nxc4 14. Nxa7 Ra8 15. fxe5 dxe5 16. Bc3 Rxa7 17. b3 Nd6 18. Qe3 Bb5 19. Rae1 Rg8 20. a4 Bd7 21. Bxe5 Ng4 22. Qc3 Nxe5 23. Qxe5 Qb6 24. Qf4 c4+ 25. Kh1 cxb3 26. e5 Rxa4 27. Qd2 Nc4 28. Qf4 Nd6 29. Qd2 1/2-1/2

[Event "Hong Kong Jolimark op"]
[Site "Hong Kong"]
[Date "2016.12.26"]
[Round "1"]
[White "Lee, Wing Kin"]
[Black "Oh, Benjamin Yao Teng"]
[Result "0-1"]
[WhiteElo "1221"]
[BlackElo "1838"]
[PlyCount "92"]
[EventDate "2016.12.26"]
[EventType "swiss"]
[EventRounds "9"]
[EventCountry "HKG"]
[SourceTitle "CBM 176 Extra"]
[Source "ChessBase"]
[SourceDate "2017.03.02"]
[SourceVersion "1"]
[SourceVersionDate "2017.03.02"]
[SourceQuality "1"]

1. b4 e5 2. a3 d5 3. e3 Nf6 4. Bb2 Bd6 5. Nf3 Nbd7 6. Nc3 c6 7. Be2 0-0 8. 0-0 Qc7 9. h3 Re8 10. d3 Nf8 11. Na4 Qe7 12. c4 b5 13. cxb5 cxb5 14. Nc3 e4 15. Nd4 Qe5 16. f4 exf3 17. Nxf3 Qxe3+ 18. Rf2 Bg3 19. Qf1 Qxf2+ 20. Qxf2 Bxf2+ 21. Kxf2 Bd7 22. d4 a6 23. Ne5 Rac8 24. Nxd7 N8xd7 25. Bf3 Ne4+ 26. Nxe4 dxe4 27. Be2 Rc2 28. Rb1 Nb6 29. Bc1 Nd5 30. Be3 Rxe2+ 31. Kxe2 Nc3+ 32. Kf1 Nxb1 33. Bc1 Rc8 34. Bf4 Nxa3 35. Bd6 Rd8 36. Bc5 Nc2 37. Kf2 Nxd4 38. Bxd4 Rxd4 39. Ke3 Rxb4 40. Kf2 a5 41. Kg1 a4 42. Kh2 a3 43. Kg1 a2 44. Kh2 h5 45. Kh1 h4 46. Kh2 a1Q 0-1

[Event "Hong Kong op"]
[Site "Hong Kong"]
[Date "2016.10.10"]
[Round "2"]
[White "Lee, Wing Kin"]
[Black "Choy, Hong Lui Ronald"]
[Result "0-1"]
[WhiteElo "1221"]
[BlackElo "1601"]
[PlyCount "118"]
[EventDate "2016.10.03"]
[EventType "swiss"]
[EventRounds "9"]
[EventCountry "HKG"]
[SourceTitle "EXT 2018"]
[Source "ChessBase"]
[SourceDate "2017.10.13"]
[SourceVersion "1"]
[SourceVersionDate "2017.10.13"]
[SourceQuality "1"]

1. b4 Nf6 2. Bb2 g6 3. Nf3 Bg7 4. e3 0-0 5. h3 d6 6. d4 Re8 7. Bd3 Nfd7 8. 0-0 e5 9. e4 Nc6 10. c3 Ne7 11. d5 f5 12. Qc2 f4 13. g4 fxg3 14. fxg3 Nf6 15. g4 h6 16. Nbd2 g5 17. Bc4 Ng6 18. Rf2 Nf4 19. Rh2 Bd7 20. a4 Qc8 21. Bf1 Rf8 22. Nc4 Nh7 23. Qd1 Bxg4 24. hxg4 Qxg4+ 25. Kh1 Nh5 26. Bg2 Ng3+ 27. Kg1 Nxe4 28. Nfd2 Qxd1+ 29. Rxd1 Nxd2 30. Nxd2 Rf4 31. c4 Raf8 32. Bh3 g4 33. Bg2 g3 34. Rh3 Rg4 35. Nf1 Rf2 36. Rxg3 Rxf1+ 37. Rxf1 Rxg3 38. Rf3 Rxf3 39. Bxf3 Ng5 40. Bg4 e4 41. Bxg7 Kxg7 42. Kf2 Kg6 43. c5 h5 44. Bc8 b6 45. cxb6 cxb6 46. a5 h4 47. Ke3 Kf6 48. Kf4 h3 49. Bxh3 Nxh3+ 50. Kxe4 bxa5 51. bxa5 a6 52. Kd4 Kf5 53. Kc4 Ke5 54. Kd3 Kxd5 55. Kc3 Nf4 56. Kb4 Kd4 57. Kb3 d5 58. Kb4 Ne6 59. Ka4 Kc4 0-1